| 000 | 00959nam a22002177a 4500 | ||
|---|---|---|---|
| 005 | 20240228105533.0 | ||
| 008 | s2553 th tha d | ||
| 020 | _a9789742888213 | ||
| 041 | _atha | ||
| 090 | _aKF25.1 ป417ท 2553 | ||
| 100 | 0 | _aประสิทธิ์ เอกบุตร | |
| 245 | 1 | 0 | _aเทคนิคกฎหมายในการกำหนดขอบนอกของไหล่ทวีป |
| 260 | 3 |
_aกรุงเทพฯ : _bวิญญูชน, _c2553 |
|
| 300 |
_a162 หน้า : _b ภาพประกอบ ; _c 26 ซม. |
||
| 650 | 0 | 4 | _aไหล่ทวีป |
| 850 | _aNALT | ||
| 942 |
_cLB _02 |
||
| 997 |
_a39584 ฉ.1 / 39585 ฉ.2 _kVC |
||
| 997 | _c000000000063764 | ||
| 998 |
_aนางสาวเบญจลักษณ์ สุทธิวิไล _j8 _k นายบัณฑิต อุทาวงค์ |
||
| 999 |
_c63764 _d63764 |
||